[Event "Valladolid Piolin CC op 5th"]
[Site "Valladolid"]
[Date "2012.08.27"]
[Round "7"]
[White "Fernandez Fernandez, Asier"]
[Black "Villamanan Alonso, Carlos"]
[Result "0-1"]
[WhiteElo "1696"]
[BlackElo "1809"]
[PlyCount "82"]
[EventDate "2012.08.06"]
[EventType "swiss"]
[EventRounds "8"]
[EventCountry "ESP"]
[SourceTitle "EXT 2014"]
[Source "ChessBase"]
[SourceDate "2013.11.20"]
[SourceVersion "1"]
[SourceVersionDate "2013.11.20"]
[SourceQuality "1"]

1. e4 c5 2. Nf3 e6 3. d3 g6 4. g3 Bg7 5. Bg2 Nc6 6. 0-0 d6 7. c3 Qc7 8. Re1 Nge7 9. Nbd2 0-0 10. Nf1 b5 11. a3 Bb7 12. h4 a5 13. Ne3 h5 14. Ng5 b4 15. Bd2 Ne5 16. Qc2 Ba6 17. Bf1 Bf6 18. f4 N5c6 19. axb4 axb4 20. cxb4 Nd4 21. Qd1 Bb7 22. Rc1 Rfd8 23. Bc3 Qb6 24. bxc5 dxc5 25. Nf3 Nec6 26. Nc4 Qa7 27. g4 Nxf3+ 28. Qxf3 Nd4 29. Qg3 Bxh4 30. Qg2 hxg4 31. Qxg4 Bxe1 32. Bxe1 Kg7 33. Bh4 Rh8 34. Ne5 Rh5 35. Rc4 Rah8 36. Be7 Ba8 37. Bxc5 Rh1+ 38. Kg2 Qa1 39. Bxd4 Qxf1+ 40. Kg3 R8h3+ 41. Qxh3 Rxh3+ 0-1

[Event "Valladolid Piolin CC op 5th"]
[Site "Valladolid"]
[Date "2012.08.09"]
[Round "2"]
[White "Santos Martinez, Guillermo"]
[Black "Fernandez Fernandez, Asier"]
[Result "1-0"]
[WhiteElo "1666"]
[BlackElo "1696"]
[PlyCount "139"]
[EventDate "2012.08.06"]
[EventType "swiss"]
[EventRounds "8"]
[EventCountry "ESP"]
[SourceTitle "EXT 2014"]
[Source "ChessBase"]
[SourceDate "2013.11.20"]
[SourceVersion "1"]
[SourceVersionDate "2013.11.20"]
[SourceQuality "1"]

1. d4 d5 2. c4 e6 3. Nc3 Nf6 4. Bg5 Nbd7 5. e3 c6 6. Nf3 Qa5 7. Bxf6 Nxf6 8. Qc2 Bb4 9. Nd2 0-0 10. Bd3 h6 11. 0-0 Bd6 12. a3 dxc4 13. Nxc4 Bxh2+ 14. Kxh2 Qh5+ 15. Kg1 Ng4 16. Rfd1 Qh2+ 17. Kf1 Qh1+ 18. Ke2 Qxg2 19. Rf1 f5 20. Rae1 Nh2 21. Kd1 Nxf1 22. Rxf1 h5 23. f4 Qxc2+ 24. Kxc2 Bd7 25. Ne5 Rad8 26. Bc4 Rf6 27. Rh1 g6 28. Ne2 Kh7 29. Ng1 Bc8 30. Ngf3 Re8 31. Nh4 Rg8 32. Rg1 Kh6 33. Rg5 Rg7 34. Kd2 Bd7 35. Ke1 Be8 36. Kf2 Rc7 37. b4 b6 38. Nd3 Rg7 39. Nf3 Rc7 40. Rg1 Kg7 41. Rc1 Kf7 42. Ng5+ Ke7 43. Bb3 Kd6 44. e4 fxe4 45. Nxe4+ Ke7 46. Nxf6 Kxf6 47. Ke3 Rg7 48. Rg1 Bf7 49. Ne5 c5 50. bxc5 bxc5 51. dxc5 Be8 52. Nf3 Rc7 53. Kd4 Kf5 54. Ne5 Kxf4 55. Nxg6+ Bxg6 56. Rxg6 e5+ 57. Kd5 h4 58. Kd6 Rc8 59. Rh6 Kg3 60. Be6 Rd8+ 61. Kxe5 Rd3 62. a4 Rc3 63. Kd6 Ra3 64. Bd7 Rd3+ 65. Kc7 Rd4 66. c6 Rxa4 67. Kd8 Ra6 68. Rh7 Rxc6 69. Bxc6 h3 70. Rxa7 1-0

[Event "Valladolid Aficionados op 3rd"]
[Site "Valladolid"]
[Date "2012.08.04"]
[Round "3"]
[White "Villamanan Alonso, Carlos"]
[Black "Fernandez Fernandez, Asier"]
[Result "0-1"]
[WhiteElo "1809"]
[BlackElo "1696"]
[PlyCount "46"]
[EventDate "2012.08.03"]
[EventType "swiss"]
[EventRounds "7"]
[EventCountry "ESP"]
[SourceTitle "EXT 2014"]
[Source "ChessBase"]
[SourceDate "2013.11.20"]
[SourceVersion "1"]
[SourceVersionDate "2013.11.20"]
[SourceQuality "1"]

1. e4 e6 2. d4 d5 3. Nd2 c5 4. exd5 exd5 5. dxc5 Bxc5 6. Nb3 Bb6 7. c3 Nf6 8. Nf3 Nc6 9. Be2 0-0 10. 0-0 h6 11. Qd3 Re8 12. Bf4 Bg4 13. h3 Bh5 14. Qd1 Ne4 15. Bb5 Qf6 16. Bh2 Ng5 17. Nbd2 Nxf3+ 18. Nxf3 Bxf3 19. gxf3 Rad8 20. Qd3 d4 21. Rae1 Rxe1 22. Rxe1 dxc3 23. Qe4 Qg5+ 0-1

[Event "Valladolid Aficionados op 3rd"]
[Site "Valladolid"]
[Date "2012.08.03"]
[Round "2"]
[White "Fernandez Fernandez, Asier"]
[Black "Blanco de la Rosa, Diego"]
[Result "1-0"]
[WhiteElo "1696"]
[BlackElo "1813"]
[PlyCount "97"]
[EventDate "2012.08.03"]
[EventType "swiss"]
[EventRounds "7"]
[EventCountry "ESP"]
[SourceTitle "EXT 2014"]
[Source "ChessBase"]
[SourceDate "2013.11.20"]
[SourceVersion "1"]
[SourceVersionDate "2013.11.20"]
[SourceQuality "1"]

1. e4 c5 2. Nf3 d6 3. d3 Nc6 4. g3 g6 5. Bg2 Bg7 6. 0-0 Nf6 7. c3 0-0 8. Re1 Qc7 9. Nbd2 b5 10. Nf1 Rb8 11. Bd2 Nd7 12. Ne3 e6 13. h4 Nde5 14. Nxe5 Nxe5 15. Qe2 Nc6 16. Ng4 Ne5 17. Bh6 Nxg4 18. Bxg7 Kxg7 19. Qxg4 e5 20. Qg5 h6 21. Qe3 Be6 22. f4 Qe7 23. Rf1 f5 24. exf5 Bxf5 25. d4 cxd4 26. cxd4 e4 27. d5 a5 28. Rfe1 Rfe8 29. Re2 Qf6 30. Qa7+ Kg8 31. Qxa5 Qd4+ 32. Kh2 Qxd5 33. Qb4 Qc5 34. Qxc5 dxc5 35. Rae1 Re7 36. Bxe4 Rbe8 37. Bd5+ Kf8 38. Rxe7 Rxe7 39. Rxe7 Kxe7 40. Kg2 Kd6 41. Bf3 c4 42. Kf2 Kc5 43. Ke3 Kb4 44. Be4 Kc5 45. a3 b4 46. axb4+ Kxb4 47. h5 Be6 48. Bxg6 Kb3 49. f5 1-0